Španielska konverzácia

Gespeichert in:
Bibliographische Detailangaben
Format: Buch
Sprache:Slowakisch
Spanisch
Veröffentlicht: Bratislava Univerzita Komenského 1991
Tags: Tag hinzufügen
Keine Tags, Fügen Sie das erste Tag hinzu!

MARC

LEADER 00000nam a2200000 4500
001 c002760
005 20260327065113.7
020 |a 80-223-0406-9 
041 0 |a slo 
041 0 |a spa 
044 |a SK 
245 1 0 |a Španielska konverzácia  |c Kornélia Resutíková, Jozef Šulhan 
264 1 |a Bratislava  |b Univerzita Komenského  |c 1991 
300 |a 170 s.